000 00637cab a2200229 4500
001 ABS44843
008 090401t1991 xxu||||| |||| 00| 0 eng d
035 _a(Sirsi) u49387
041 _aeng
100 _aLewis, M.
245 _aSingapore plugs in to ILUS
260 _c1991
350 _a0
490 _aAsian Property
_vMay 1991, 35-37(3)
520 _aLooks at ILUS , the first computerised land management database being developed in Singapore .
650 _aASIA
650 _aGIS
650 _aLand use
_96251
690 _aMANAGEMENT-BUSINESS MANAGEMENT-INFORMATION MANAGEMENT
942 _n0
948 _c04/03/1997
999 _c30903
_d30903